|
|
|
|
| LEADER |
01190nam a2200289 a 4500 |
| 001 |
13209082 |
| 008 |
100525s2002 enk b 001 0 eng d |
| 010 |
|
|
|a 2003544810
|
| 040 |
|
|
|a UKM
|c UKM
|d PL#
|d C#P
|d BUF
|d DLC
|
| 020 |
|
|
|a 0340806699
|
| 020 |
|
|
|a 0340806702 (pbk.)
|
| 082 |
0 |
0 |
|a 820.9/145033
|2 22
|
| 100 |
1 |
|
|a Breen, Jennifer.
|
| 245 |
1 |
0 |
|a Romantic literature /
|c Jennifer Breen and Mary Noble.
|
| 260 |
|
|
|a London :
|b Arnold ;
|a New York :
|b Distributed in the United States of America by Oxford University Press,
|c 2002.
|
| 300 |
|
|
|a 173 p. ;
|c 24 cm.
|
| 490 |
0 |
|
|a Contexts
|
| 504 |
|
|
|a Includes bibliographical references (p. [157]-162) and index.
|
| 541 |
1 |
|
|e 00020332
|
| 650 |
|
0 |
|a English literature
|y 18th century
|x History and criticism.
|
| 650 |
|
0 |
|a Romanticism
|z Great Britain.
|
| 650 |
|
0 |
|a English literature
|y 19th century
|x History and criticism.
|
| 700 |
1 |
|
|a Noble, Mary
|q (Mary A.)
|
| 830 |
|
0 |
|a Contexts (London, England)
|
| 852 |
4 |
|
|a Ayesha Abed Library
|j General shelf
|
| 999 |
|
|
|c 8719
|d 8719
|
| 952 |
|
|
|0 0
|1 0
|2 ddc
|4 0
|6 820_914503300000000_BRE_2002
|7 0
|9 10499
|a BRACUL
|b BRACUL
|c GEN
|d 2010-05-25
|l 4
|m 15
|o 820.9145033 BRE
|p 3010020332
|r 2017-06-11
|s 2017-06-05
|t 1
|w 2010-05-25
|y BK
|